000
00326nam a2200133Ia 4500
008
240624s9999 xx 000 0 und d
041
_a
eng
082
_a
823 SUB
100
_a
SUBRAMANIAN RAVI
245
_a
IF GOD WAS A BANKER
260
_c
2008
_a
New Delhi
_b
Rupa & Company
300
_a
260 : p. : cm. ; 21
365
_c
RS
_b
20
999
_c
9629
_d
9629